Statistics for Revolution 0 - boygenius (Lyrics)

Click here to take the quiz!

General Stats

  • This quiz has been taken 17 times
  • The average score is 116 of 125

Answer Stats

Answer% Correct
a
100%
broke
100%
can
100%
die
100%
do
100%
don't
100%
Figure
100%
fuck
100%
I
100%
If
100%
in
100%
is
100%
isn't
100%
it?
100%
it
100%
just
100%
know
100%
lie
100%
live
100%
love
100%
nose
100%
out
100%
So
100%
so
100%
teeth
100%
that
100%
that's
100%
the
100%
their
100%
then
100%
Then
100%
they
100%
wanna
100%
what
100%
where
100%
who
100%
You
100%
you
100%
your
100%
afraid
88%
And
88%
be
88%
been
88%
but
88%
But
88%
closed
88%
enough
88%
friend
88%
get
88%
give
88%
gonna
88%
guess
88%
head
88%
I'm
88%
Imaginary
88%
it's
88%
I've
88%
kick
88%
let
88%
making
88%
me
88%
music
88%
my
88%
not
88%
nothing
88%
on)
88%
one
88%
pretend
88%
short
88%
sick
88%
Since
88%
song
88%
think
88%
tired
88%
to
88%
told
88%
up
88%
used
88%
wanted
88%
wasn't
88%
Wish
88%
would
88%
you're
88%
disappear
75%
eyes
75%
absolutely
50%
going
50%
(Okay)
50%
(There's
50%

Score Distribution

Percentile by Number Answered

Percent of People with Each Score

Your Score History

You have not taken this quiz